000
00296nam a2200121Ia 4500
008
241014s9999||||xx |||||||||||||| ||und||
020
_a
0-85404-614-3
100
_a
Duffus John H
245
0
_a
Fundamental Toxicology
260
_b
RSC publishing
_c
2006
650
_a
Pharmacology
942
_b
DCOP
_c
BK
999
_c
1275
_d
1275